|
|
|
|
| LEADER |
00000cam a22000004a 4500 |
| 001 |
musev2_79302 |
| 003 |
MdBmJHUP |
| 005 |
20230905052154.0 |
| 006 |
m o d |
| 007 |
cr||||||||nn|n |
| 008 |
890623s1971 miu o 00 0 eng d |
| 020 |
|
|
|a 9780472902279
|
| 020 |
|
|
|z 9780891480037
|
| 020 |
|
|
|z 9780472128273
|
| 035 |
|
|
|a (OCoLC)1184508786
|
| 040 |
|
|
|a MdBmJHUP
|c MdBmJHUP
|
| 245 |
0 |
0 |
|a Compadre Colonialism :
|b Studies in the Philippines under American Rule /
|c edited by Norman G. Owen.
|
| 264 |
|
1 |
|a Ann Arbor, Michigan :
|b University of Michigan Press,
|c 1971.
|
| 264 |
|
3 |
|a Baltimore, Md. :
|b Project MUSE,
|c 2020
|
| 264 |
|
4 |
|c ©1971.
|
| 300 |
|
|
|a 1 online resource:
|b portrait.
|
| 336 |
|
|
|a text
|b txt
|2 rdacontent
|
| 337 |
|
|
|a computer
|b c
|2 rdamedia
|
| 338 |
|
|
|a online resource
|b cr
|2 rdacarrier
|
| 490 |
0 |
|
|a Michigan Papers on South and Southeast Asia ;
|v no. 3
|
| 506 |
0 |
|
|a Open Access
|f Unrestricted online access
|2 star
|
| 588 |
|
|
|a Description based on print version record.
|
| 651 |
|
7 |
|a Philippines
|2 fast
|0 (OCoLC)fst01205261
|
| 651 |
|
0 |
|a Philippines
|x Politics and government
|y 1898-1935.
|
| 650 |
|
7 |
|a Politics and government
|2 fast
|0 (OCoLC)fst01919741
|
| 655 |
|
7 |
|a Electronic books.
|2 local
|
| 700 |
1 |
|
|a Owen, Norman G.,
|e editor.
|
| 710 |
2 |
|
|a Michigan Publishing (University of Michigan),
|e issuing body.
|
| 710 |
2 |
|
|a Project Muse.
|e distributor
|
| 830 |
|
0 |
|a Book collections on Project MUSE.
|
| 856 |
4 |
0 |
|z Texto completo
|u https://projectmuse.uam.elogim.com/book/79302/
|